[Event "19. Torneo San Viator"]
[Site "Madrid ESP"]
[Date "2012.10.14"]
[Round "4.2"]
[White "Cano Cabanillas, Javier"]
[Black "Rivera Leon, Mauro Arturo"]
[Result "1/2-1/2"]
[WhiteElo "2027"]
[BlackElo "2105"]
[PlyCount "85"]
[EventDate "2012.09.23"]
[EventType "swiss"]
[EventRounds "9"]
[EventCountry "ESP"]
[Source "lmi"]
[SourceDate "2012.09.23"]

1. e4 e5 2. Nf3 Nc6 3. Bc4 Nf6 4. d4 exd4 5. e5 d5 6. Bb5 Ne4 7. Nxd4 Bd7 8.
Bxc6 bxc6 9. O-O Bc5 10. f3 Ng5 11. f4 Ne4 12. Be3 Bb6 13. Nd2 c5 14. N4f3 Nxd2
15. Qxd2 d4 16. Bf2 Bc6 17. Bh4 Qd7 18. f5 Qxf5 19. Nxd4 Qd7 20. Nf3 Qg4 21. h3
Qh5 22. Qg5 Qxg5 23. Bxg5 c4+ 24. Kh1 h6 25. Bd2 Be4 26. c3 Rd8 27. Bf4 O-O 28.
Nd4 Bxd4 29. cxd4 Rxd4 30. Be3 Rd3 31. Bxa7 Ra8 32. Bg1 Rb8 33. Rf2 Rxh3+ 34.
Bh2 Rd3 35. Rc1 Bd5 36. Rfc2 h5 37. Kg1 h4 38. Bf4 h3 39. gxh3 Rb6 40. Kh2 Rg6
41. Rf2 Be6 42. Rc3 Rd4 43. Rg3 1/2-1/2

[Event "19. Torneo San Viator"]
[Site "Madrid ESP"]
[Date "2012.10.14"]
[Round "4.3"]
[White "Sanchez Lopez, Maria"]
[Black "Camara Cozar, David"]
[Result "1-0"]
[WhiteElo "1873"]
[BlackElo "2077"]
[PlyCount "79"]
[EventDate "2012.09.23"]
[EventType "swiss"]
[EventRounds "9"]
[EventCountry "ESP"]
[Source "lmi"]
[SourceDate "2012.09.23"]

1. d4 Nf6 2. c4 g6 3. Nc3 d5 4. cxd5 Nxd5 5. e4 Nxc3 6. bxc3 Bg7 7. Nf3 c5 8.
Rb1 O-O 9. Be2 cxd4 10. cxd4 Qa5+ 11. Bd2 Qxa2 12. Qc1 Qe6 13. Ng5 Qc6 14. Qb2
h6 15. Rc1 Qd7 16. Nf3 Nc6 17. Bc3 e6 18. O-O a6 19. Rfd1 Re8 20. d5 Bxc3 21.
Qxc3 exd5 22. exd5 Na7 23. Bc4 Qd6 24. Re1 Bd7 25. Ne5 Rac8 26. Qd4 b5 27. Qxa7
Rxe5 28. Rxe5 Qxe5 29. Qxd7 Rxc4 30. Rf1 Qc7 31. Qe8+ Kg7 32. g3 Qd6 33. Qa8
Rd4 34. Ra1 Rxd5 35. Rxa6 Rd1+ 36. Kg2 Qd3 37. Qe8 Qf1+ 38. Kf3 Qh1+ 39. Kg4
Kh7 40. Qxf7+ 1-0

[Event "19. Torneo San Viator"]
[Site "Madrid ESP"]
[Date "2012.10.14"]
[Round "4.4"]
[White "Magan Gonzalez, Alberto"]
[Black "Lopez De Turiso, Jose Angel"]
[Result "0-1"]
[WhiteElo "1850"]
[BlackElo "2046"]
[PlyCount "82"]
[EventDate "2012.09.23"]
[EventType "swiss"]
[EventRounds "9"]
[EventCountry "ESP"]
[Source "lmi"]
[SourceDate "2012.09.23"]

1. e4 e6 2. d4 d5 3. Nc3 dxe4 4. Nxe4 Nd7 5. Nf3 Ngf6 6. Bd3 Nxe4 7. Bxe4 Nf6
8. Bg5 Be7 9. Bxf6 Bxf6 10. Qd3 c6 11. O-O-O Qa5 12. Kb1 Bd7 13. Rhe1 O-O-O 14.
Ne5 Bxe5 15. dxe5 Qxe5 16. Bxc6 Qc7 17. Bxd7+ Rxd7 18. Qxd7+ Qxd7 19. Rxd7 Kxd7
20. Rd1+ Ke7 21. c4 Rc8 22. b3 Rc5 23. f4 e5 24. fxe5 Rxe5 25. Kc2 Rh5 26. h3
Rf5 27. Rd2 Ke6 28. Kc3 h5 29. b4 g5 30. c5 Rd5 31. Re2+ Re5 32. Rd2 g4 33.
hxg4 hxg4 34. Kc4 f5 35. b5 Re4+ 36. Kb3 Re1 37. a4 f4 38. Rd6+ Ke7 39. Rg6 f3
40. gxf3 gxf3 41. c6 bxc6 0-1

[Event "19. Torneo San Viator"]
[Site "Madrid ESP"]
[Date "2012.10.14"]
[Round "4.5"]
[White "Rodriguez Sanchez, Roberto"]
[Black "Ore Leon, Gustavo"]
[Result "1/2-1/2"]
[WhiteElo "1953"]
[BlackElo "1812"]
[PlyCount "74"]
[EventDate "2012.09.23"]
[EventType "swiss"]
[EventRounds "9"]
[EventCountry "ESP"]
[Source "lmi"]
[SourceDate "2012.09.23"]

1. d4 Nf6 2. Nf3 c6 3. g3 d5 4. Bg2 e6 5. O-O Nbd7 6. c4 Be7 7. Qc2 dxc4 8.
Qxc4 Nb6 9. Qc2 Nfd5 10. e4 Nb4 11. Qe2 O-O 12. a3 Na6 13. Nc3 f6 14. Be3 Bd7
15. b4 Qe8 16. Rfd1 Nc7 17. Bf4 Nb5 18. Nxb5 cxb5 19. d5 e5 20. Be3 Nc4 21. Nd2
Nd6 22. Bc5 b6 23. Bxd6 Bxd6 24. Nb3 Qc8 25. Rac1 Qa6 26. Qb2 Rac8 27. Bf1 Rxc1
28. Rxc1 Rc8 29. Nd2 Qb7 30. Nb1 Rxc1 31. Qxc1 Qc7 32. Qxc7 Bxc7 33. Nc3 a6 34.
f3 Bd6 35. Kf2 Kf8 36. Ke3 g5 37. g4 Ke7 1/2-1/2

[Event "19. Torneo San Viator"]
[Site "Madrid ESP"]
[Date "2012.10.14"]
[Round "4.6"]
[White "Rosa Ramirez, Victor D"]
[Black "Hernandez Mateo, Borja"]
[Result "0-1"]
[WhiteElo "1951"]
[BlackElo "1719"]
[PlyCount "122"]
[EventDate "2012.09.23"]
[EventType "swiss"]
[EventRounds "9"]
[EventCountry "ESP"]
[Source "lmi"]
[SourceDate "2012.09.23"]

1. e4 c5 2. c3 Nf6 3. e5 Nd5 4. d4 cxd4 5. cxd4 d6 6. Bc4 Nb6 7. Bb5+ Bd7 8. e6
fxe6 9. Bd3 Bc6 10. Qg4 Qc8 11. Ne2 Nd5 12. Qh5+ Kd8 13. Bd2 Nf6 14. Qh3 e5 15.
Bf5 Bd7 16. Bxd7 Qxd7 17. Qb3 Nc6 18. d5 Nd4 19. Nxd4 exd4 20. O-O Rc8 21. Na3
Rc5 22. Rac1 Nxd5 23. Nc2 e5 24. Qf3 Nf6 25. Bb4 Rc6 26. Qd3 Nd5 27. g3 Be7 28.
Ba5+ b6 29. Bd2 Qe6 30. Rfe1 Qf7 31. Na3 Rxc1 32. Rxc1 Rf8 33. Be1 Bg5 34. Rc2
Qb7 35. Nb5 Be7 36. Qc4 a6 37. Na7 Ke8 38. Nc6 Nf6 39. Qe6 Qd7 40. Qb3 Ne4 41.
Qd5 Ng5 42. f4 Nh3+ 43. Kh1 g5 44. Nb8 Qd8 45. Qc6+ Kf7 46. Nd7 Rg8 47. fxe5
dxe5 48. Nxe5+ Kg7 49. Qe6 Qd6 50. Qxd6 Bxd6 51. Nf3 g4 52. Nxd4 Be5 53. Bc3
Kg6 54. Nc6 Bf6 55. Ne5+ Bxe5 56. Bxe5 Re8 57. Bd4 Re6 58. Kg2 Ng5 59. a3 Nf3
60. Bc3 Rc6 61. h3 Ne1+ 0-1

[Event "19. Torneo San Viator"]
[Site "Madrid ESP"]
[Date "2012.10.14"]
[Round "4.7"]
[White "Al-Zarif Zabala, Bassam"]
[Black "Morona Minguez, Irene"]
[Result "0-1"]
[WhiteElo "1768"]
[BlackElo "1952"]
[PlyCount "138"]
[EventDate "2012.09.23"]
[EventType "swiss"]
[EventRounds "9"]
[EventCountry "ESP"]
[Source "lmi"]
[SourceDate "2012.09.23"]

1. e4 c5 2. Nc3 Nc6 3. Nge2 Nf6 4. d4 cxd4 5. Nxd4 e5 6. Ndb5 d6 7. Bd3 a6 8.
Na3 Be7 9. O-O Be6 10. Re1 O-O 11. Ncb1 Ne8 12. Bc4 Rc8 13. c3 Bxc4 14. Nxc4 f5
15. exf5 Rxf5 16. Ne3 Rf8 17. Nd5 Bh4 18. Be3 Ne7 19. Nxe7+ Qxe7 20. Nd2 Nc7
21. Nf1 Qf7 22. Ng3 Nd5 23. Rf1 Bxg3 24. hxg3 Qe6 25. Qb3 Rf6 26. Rad1 Nxe3 27.
Qxe6+ Rxe6 28. fxe3 Rf8 29. Rxf8+ Kxf8 30. e4 Ke7 31. Rd3 Rg6 32. Rf3 Rg5 33.
Re3 Ke6 34. Kf2 Rg6 35. Rd3 Rh6 36. a4 Rh1 37. c4 Rc1 38. b3 Rc2+ 39. Kf3 h5
40. Re3 Rb2 41. Rd3 g5 42. g4 hxg4+ 43. Kg3 Rc2 44. Kxg4 Rxg2+ 45. Rg3 Rc2 46.
Kf3 Rb2 47. Kg4 a5 48. Rf3 Rg2+ 49. Rg3 Rxg3+ 50. Kxg3 Kf6 51. Kh3 Kg6 52. Kg4
Kh6 53. c5 dxc5 54. Kf5 Kh5 55. Kxe5 Kh4 56. Kf6 g4 57. e5 g3 58. e6 g2 59. e7
g1=Q 60. e8=Q Qg5+ 61. Kf7 Qf5+ 62. Kg7 Qg5+ 63. Kf7 Qh5+ 64. Ke7 Qd5 65. Qh8+
Kg5 66. Qg7+ Kf5 67. Qf6+ Ke4 68. Qh4+ Kd3 69. Qg3+ Kd4 0-1

[Event "19. Torneo San Viator"]
[Site "Madrid ESP"]
[Date "2012.10.14"]
[Round "4.8"]
[White "Moreno Zamora, Gregorio"]
[Black "Garcia-Ruiz Fuentes, Angel M"]
[Result "0-1"]
[WhiteElo "1724"]
[BlackElo "1943"]
[PlyCount "56"]
[EventDate "2012.09.23"]
[EventType "swiss"]
[EventRounds "9"]
[EventCountry "ESP"]
[Source "lmi"]
[SourceDate "2012.09.23"]

1. c4 Nf6 2. Nc3 g6 3. g3 Bg7 4. Bg2 O-O 5. e4 d6 6. d3 e5 7. Nge2 c6 8. O-O
Be6 9. h3 Qd7 10. Kh2 d5 11. cxd5 cxd5 12. f4 dxe4 13. dxe4 exf4 14. Nxf4 Bc4
15. Re1 Nc6 16. e5 Qxd1 17. Nxd1 Nh5 18. Nxh5 gxh5 19. Bf4 Rfe8 20. Ne3 Be6 21.
Bxc6 bxc6 22. b3 Rad8 23. Rad1 a5 24. Rc1 Rd2+ 25. Ng2 Rxa2 26. Ra1 Rb2 27.
Rab1 Rxb3 28. Rxb3 Bxb3 0-1

[Event "19. Torneo San Viator"]
[Site "Madrid ESP"]
[Date "2012.10.14"]
[Round "4.9"]
[White "Garcia Sanjuan, Jose"]
[Black "Gomez Dorado, Ernesto"]
[Result "1/2-1/2"]
[WhiteElo "1905"]
[BlackElo "1768"]
[PlyCount "93"]
[EventDate "2012.09.23"]
[EventType "swiss"]
[EventRounds "9"]
[EventCountry "ESP"]
[Source "lmi"]
[SourceDate "2012.09.23"]

1. d4 Nf6 2. Nf3 c5 3. e3 g6 4. Be2 Bg7 5. O-O cxd4 6. exd4 O-O 7. c3 d6 8. Re1
Nbd7 9. Bc4 Nb6 10. Bb3 Bg4 11. h3 Bxf3 12. Qxf3 d5 13. Bf4 Qd7 14. Be5 a5 15.
a4 Rac8 16. Nd2 Ne8 17. Bxg7 Kxg7 18. Qe2 Rc7 19. Nf3 f6 20. Qe6 Qxe6 21. Rxe6
Nd6 22. Rae1 Kf7 23. Nh2 Nbc4 24. R6e2 Rb8 25. Ng4 b5 26. axb5 Rxb5 27. Ba2 a4
28. Ne3 Rcb7 29. Nd1 h5 30. g3 e5 31. dxe5 Nxe5 32. Kg2 Nd3 33. Rf1 Nc4 34.
Bxc4 dxc4 35. Re4 Rc7 36. Ne3 Nxb2 37. Rb1 Rb3 38. Nd5 Rd7 39. Nb4 Nd3 40. Rxb3
cxb3 41. Nxd3 Rxd3 42. Rxa4 Rxc3 43. Rb4 g5 44. Rb6 Kg6 45. Rb5 Rd3 46. g4 Rc3
47. Rb6 1/2-1/2

[Event "19. Torneo San Viator"]
[Site "Madrid ESP"]
[Date "2012.10.14"]
[Round "4.10"]
[White "Jimenez Elices, Jose Maria"]
[Black "Soto Martin, Pablo"]
[Result "0-1"]
[WhiteElo "1905"]
[BlackElo "1695"]
[PlyCount "58"]
[EventDate "2012.09.23"]
[EventType "swiss"]
[EventRounds "9"]
[EventCountry "ESP"]
[Source "lmi"]
[SourceDate "2012.09.23"]

1. e4 e5 2. Nf3 Nc6 3. Bb5 Bc5 4. O-O Nge7 5. Nxe5 Nxe5 6. d4 c6 7. dxc5 cxb5
8. Qd6 Nc4 9. Qg3 O-O 10. b3 Na5 11. Bb2 f6 12. Nc3 a6 13. Rad1 b6 14. Nd5 Nxd5
15. Rxd5 Bb7 16. Rd6 bxc5 17. e5 fxe5 18. Bxe5 Qe7 19. Re1 Rae8 20. f4 Nc6 21.
Bc3 Qf7 22. Red1 Re7 23. Rf6 Qh5 24. Rxf8+ Kxf8 25. Rf1 Qf5 26. Be5 Kg8 27. Bd6
Re6 28. Be5 Nxe5 29. fxe5 Qxe5 0-1

[Event "19. Torneo San Viator"]
[Site "Madrid ESP"]
[Date "2012.10.14"]
[Round "4.11"]
[White "Barahona Torrijos, Angel"]
[Black "Plazuelo Pascual, Juan"]
[Result "0-1"]
[WhiteElo "1893"]
[BlackElo "1721"]
[PlyCount "84"]
[EventDate "2012.09.23"]
[EventType "swiss"]
[EventRounds "9"]
[EventCountry "ESP"]
[Source "lmi"]
[SourceDate "2012.09.23"]

1. e4 c5 2. a3 g6 3. d4 cxd4 4. c3 d3 5. Bxd3 Bg7 6. Be3 d6 7. Nf3 Nf6 8. O-O
O-O 9. h3 Nbd7 10. Nbd2 Qc7 11. Nd4 Nc5 12. Bc2 b6 13. b4 Ncd7 14. Bb3 a6 15.
b5 Nc5 16. Bd5 Bb7 17. bxa6 Bxd5 18. exd5 Nxd5 19. Nb5 Qd7 20. Qe2 Nxc3 21.
Nxc3 Bxc3 22. Rac1 Bg7 23. Bxc5 bxc5 24. Rb1 Qa7 25. Nc4 Qxa6 26. Rb6 Qa4 27.
Rb7 Bf6 28. Rfb1 Qc6 29. Qc2 d5 30. Ne3 d4 31. Nc4 Qd5 32. Qb3 d3 33. a4 Qd4
34. Rd1 Rfd8 35. a5 Qc3 36. Qb5 d2 37. Nb6 Rxa5 38. Qe2 Ra1 39. Nd7 Rxd1+ 40.
Qxd1 Qc1 41. Nxf6+ exf6 42. Rb1 Qxb1 0-1

[Event "19. Torneo San Viator"]
[Site "Madrid ESP"]
[Date "2012.10.14"]
[Round "4.12"]
[White "Lianes Garcia, Marcos"]
[Black "Largo Barbero, Benito"]
[Result "1-0"]
[WhiteElo "1627"]
[BlackElo "1885"]
[PlyCount "119"]
[EventDate "2012.09.23"]
[EventType "swiss"]
[EventRounds "9"]
[EventCountry "ESP"]
[Source "lmi"]
[SourceDate "2012.09.23"]

1. d4 Nf6 2. c4 g6 3. Nc3 Bg7 4. e4 d6 5. Nf3 O-O 6. Be2 c6 7. O-O Nbd7 8. Bf4
Nh5 9. Be3 e5 10. dxe5 dxe5 11. Qd6 Re8 12. Rad1 Bf8 13. Qd2 Ng7 14. Bd3 f5 15.
g3 Qe7 16. Rfe1 Nf6 17. Bg5 fxe4 18. Nxe4 Nxe4 19. Rxe4 Qc7 20. Qc3 Bh3 21. Bf1
Bxf1 22. Kxf1 Ne6 23. Bf6 Qf7 24. Bxe5 Qf5 25. Rde1 Rad8 26. g4 Qf7 27. Bf6 Rc8
28. g5 Nc5 29. R4e2 Rxe2 30. Rxe2 Re8 31. b3 Ne4 32. Qd3 Nxf6 33. gxf6 Rxe2 34.
Qxe2 Qxf6 35. Kg2 Qf5 36. h3 a6 37. Kh2 Bd6+ 38. Kg2 Kf7 39. Qd2 Be7 40. Qe2
Bf6 41. Qd2 Be7 42. Qe2 Bd6 43. Qd2 Bc7 44. Ng5+ Kg7 45. Nf3 h6 46. Qd4+ Kh7
47. Qe3 Qf6 48. Qa7 g5 49. Qxb7 Qd6 50. Qc8 Qf4 51. Qd7+ Kg8 52. Qe8+ Kg7 53.
Qd7+ Kg8 54. Qxc6 Kg7 55. Qd7+ Kg6 56. Qd3+ Kh5 57. Qe3 Qf7 58. Qe2 Kg6 59.
Qe4+ Kg7 60. Nd4 1-0

[Event "19. Torneo San Viator"]
[Site "Madrid ESP"]
[Date "2012.10.14"]
[Round "4.13"]
[White "Fernandez Aragoneses, Pedro"]
[Black "Perez Perez, Elena"]
[Result "1/2-1/2"]
[WhiteElo "1848"]
[BlackElo "1678"]
[PlyCount "27"]
[EventDate "2012.09.23"]
[EventType "swiss"]
[EventRounds "9"]
[EventCountry "ESP"]
[Source "lmi"]
[SourceDate "2012.09.23"]

1. e4 e5 2. Nf3 Nc6 3. Bb5 a6 4. Ba4 Nf6 5. O-O b5 6. Bb3 Bc5 7. a4 Rb8 8. c3
Bb6 9. d4 d6 10. Na3 Bg4 11. axb5 axb5 12. Nxb5 exd4 13. cxd4 Bxf3 14. gxf3
1/2-1/2

[Event "19. Torneo San Viator"]
[Site "Madrid ESP"]
[Date "2012.10.14"]
[Round "4.14"]
[White "Rodriguez Alonso, Marcos"]
[Black "Padin Lazaro, Jose Manuel"]
[Result "1/2-1/2"]
[WhiteElo "1596"]
[BlackElo "1806"]
[PlyCount "115"]
[EventDate "2012.09.23"]
[EventType "swiss"]
[EventRounds "9"]
[EventCountry "ESP"]
[Source "lmi"]
[SourceDate "2012.09.23"]

1. e4 e6 2. d4 d5 3. exd5 exd5 4. Bd3 Nc6 5. c3 Bd6 6. Ne2 Qf6 7. O-O Nge7 8.
Ng3 h5 9. Re1 Bd7 10. Na3 a6 11. Nc2 g6 12. Ne3 O-O-O 13. b4 h4 14. Ng4 Qg7 15.
Nf1 Nxd4 16. Bh6 Rxh6 17. Nxh6 Ne6 18. Ng4 Nf4 19. Nge3 Qxc3 20. Bc2 Bxb4 21.
Qf3 g5 22. Rec1 Ba3 23. Rd1 d4 24. Rab1 Bb2 25. Rxb2 Qxb2 26. Rb1 Qxb1 27. Bxb1
dxe3 28. Nxe3 Be6 29. h3 c6 30. a3 Kc7 31. Qe4 f6 32. Qb4 Ned5 33. Nxd5+ Nxd5
34. Qe1 Nf4 35. Bc2 Rd7 36. Kh2 Bd5 37. f3 Kd8 38. Qc3 Ke7 39. Bf5 Be6 40. Bxe6
Kxe6 41. Qe3+ Kf7 42. Qb3+ Kg7 43. Qb4 Ne2 44. Qe1 Re7 45. f4 Kf7 46. fxg5 fxg5
47. Qa5 Kf6 48. Qc5 Nf4 49. Qc3+ Kg6 50. Qc2+ Kh6 51. Qf5 Rg7 52. Qf6+ Kh7 53.
Qf5+ Kh6 54. Qf6+ Ng6 55. Qd6 Re7 56. Qb4 Kh7 57. Qd2 Kh6 58. Qb4 1/2-1/2

[Event "19. Torneo San Viator"]
[Site "Madrid ESP"]
[Date "2012.10.14"]
[Round "4.15"]
[White "Navarro Gonzalez, Jaime"]
[Black "Salgado Duarte, Pablo"]
[Result "1-0"]
[WhiteElo "1769"]
[BlackElo "1579"]
[PlyCount "41"]
[EventDate "2012.09.23"]
[EventType "swiss"]
[EventRounds "9"]
[EventCountry "ESP"]
[Source "lmi"]
[SourceDate "2012.09.23"]

1. e4 e5 2. Nf3 d6 3. Bc4 h6 4. d4 exd4 5. Nxd4 Nf6 6. O-O Be7 7. Nc3 Bd7 8. f4
O-O 9. e5 dxe5 10. fxe5 Nh7 11. Qf3 Bc6 12. Nxc6 Nxc6 13. Bxf7+ Kh8 14. e6 Ne5
15. Qh5 Nf6 16. Qxe5 Bd6 17. Qf5 Be7 18. Bxh6 Rxf7 19. exf7 gxh6 20. Qg6 Qf8
21. Rxf6 1-0

[Event "19. Torneo San Viator"]
[Site "Madrid ESP"]
[Date "2012.10.14"]
[Round "4.16"]
[White "Perez Fajardo, Daniel"]
[Black "Pindado Campos, Raul"]
[Result "1/2-1/2"]
[WhiteElo "1580"]
[BlackElo "1928"]
[PlyCount "114"]
[EventDate "2012.09.23"]
[EventType "swiss"]
[EventRounds "9"]
[EventCountry "ESP"]
[Source "lmi"]
[SourceDate "2012.09.23"]

1. d4 Nf6 2. c4 g6 3. Nc3 Bg7 4. e4 d6 5. f4 O-O 6. Nf3 a6 7. Bd3 Nbd7 8. O-O
c5 9. d5 Nb6 10. Qc2 Bg4 11. f5 Bxf3 12. Rxf3 Nbd7 13. Bf4 Nh5 14. Bg5 Ne5 15.
Rh3 Rb8 16. Be2 Nf6 17. Rf1 Qa5 18. Rf4 b5 19. b3 bxc4 20. Rfh4 cxb3 21. axb3
Qb4 22. Bxa6 Qxb3 23. Qe2 h5 24. Bb5 Qb4 25. Rf4 Ra8 26. Rf1 Ra3 27. Bd2 Qd4+
28. Kh1 Nfg4 29. Rg3 h4 30. Rh3 Bh6 31. Bxh6 Nxh6 32. Rxh4 Qxc3 33. Rxh6 Ra1
34. Rh3 Rxf1+ 35. Qxf1 Qd4 36. Qf4 Ra8 37. f6 Ra1+ 38. Bf1 Qd1 39. Kg1 Qd4+ 40.
Kh1 exf6 41. Qxf6 Rxf1+ 42. Qxf1 Ng4 43. Rf3 Ne3 44. Qb1 Qd2 45. Qg1 Ng4 46. h3
Ne5 47. Rf2 Qe3 48. Qf1 Qxe4 49. Qd1 c4 50. Qd2 Nd3 51. Re2 Qxd5 52. Qc3 Ne5
53. Rd2 Qc6 54. Qb4 Nd3 55. Qc3 Qc5 56. Re2 Ne5 57. Ra2 Qc6 1/2-1/2

[Event "19. Torneo San Viator"]
[Site "Madrid ESP"]
[Date "2012.10.14"]
[Round "4.17"]
[White "Morona Minguez, Miguel"]
[Black "Tolosana Esteban, Enrique"]
[Result "1-0"]
[WhiteElo "1631"]
[BlackElo "1799"]
[PlyCount "79"]
[EventDate "2012.09.23"]
[EventType "swiss"]
[EventRounds "9"]
[EventCountry "ESP"]
[Source "lmi"]
[SourceDate "2012.09.23"]

1. e4 c5 2. Nf3 d6 3. d4 cxd4 4. Nxd4 Nf6 5. Nc3 g6 6. Be3 Bg7 7. Qd2 Ng4 8.
Bb5+ Nd7 9. O-O O-O 10. f4 Nxe3 11. Qxe3 Qb6 12. Rad1 e5 13. Nd5 Qc5 14. b4
exd4 15. Qd3 a6 16. bxc5 Nxc5 17. Qa3 Bg4 18. Nb6 Rad8 19. Bc4 Bxd1 20. Rxd1
Nxe4 21. Qf3 Nc3 22. Re1 d3 23. Qxd3 Rfe8 24. Rxe8+ Rxe8 25. Qxd6 Bf8 26. Qd4
Ne4 27. Nd7 Bg7 28. Qd5 Re7 29. Ne5 Nc3 30. Qd8+ Bf8 31. Nd7 Rxd7 32. Qxd7 Bc5+
33. Kf1 Kg7 34. Qxf7+ Kh6 35. g4 Be3 36. Be2 Nxe2 37. Kxe2 Bd4 38. Kf3 g5 39.
fxg5+ Kxg5 40. Qd5+ 1-0

[Event "19. Torneo San Viator"]
[Site "Madrid ESP"]
[Date "2012.10.14"]
[Round "4.19"]
[White "Garcia Otero, Pedro"]
[Black "Rodriguez Sebastian, Roberto"]
[Result "1/2-1/2"]
[WhiteElo "1733"]
[BlackElo "1650"]
[PlyCount "23"]
[EventDate "2012.09.23"]
[EventType "swiss"]
[EventRounds "9"]
[EventCountry "ESP"]
[Source "lmi"]
[SourceDate "2012.09.23"]

1. d4 Nf6 2. Nf3 d5 3. Bf4 e6 4. e3 Bd6 5. Bg3 O-O 6. Nbd2 Nc6 7. c3 a6 8. Bd3
Re8 9. Ne5 Nd7 10. Bxh7+ Kxh7 11. Qh5+ Kg8 12. Qxf7+ 1/2-1/2

[Event "19. Torneo San Viator"]
[Site "Madrid ESP"]
[Date "2012.10.14"]
[Round "4.20"]
[White "Sahuquillo Cruz, Alejandro"]
[Black "Martin Rodriguez, Jose L"]
[Result "1-0"]
[WhiteElo "1730"]
[BlackElo "1431"]
[PlyCount "75"]
[EventDate "2012.09.23"]
[EventType "swiss"]
[EventRounds "9"]
[EventCountry "ESP"]
[Source "lmi"]
[SourceDate "2012.09.23"]

1. e4 e6 2. d4 d5 3. exd5 exd5 4. Be3 Nf6 5. h3 Be6 6. Bd3 Nc6 7. Ne2 Nb4 8.
Bb5+ c6 9. Ba4 b5 10. Bb3 a5 11. a4 Ne4 12. c3 Na6 13. Nf4 Nc7 14. Nxe6 Nxe6
15. Nd2 Nxd2 16. Qxd2 Be7 17. Qe2 Qb8 18. axb5 O-O 19. O-O Qb6 20. Ba4 c5 21.
Rfd1 c4 22. b3 Rac8 23. Rac1 Rfe8 24. bxc4 Rxc4 25. Bb3 Rec8 26. Bxc4 Rxc4 27.
Bd2 Qxb5 28. Rb1 Qd7 29. Ra1 a4 30. Qd3 a3 31. Rdb1 Ra4 32. Qb5 Qxb5 33. Rxb5
h6 34. Bc1 Nc7 35. Rb3 a2 36. Rb2 Ra3 37. Rb8+ Kh7 38. Bxa3 1-0

[Event "19. Torneo San Viator"]
[Site "Madrid ESP"]
[Date "2012.10.14"]
[Round "4.23"]
[White "Cazorla Munoz, Francisco"]
[Black "Pindado Del Carmen, Eliseo"]
[Result "1/2-1/2"]
[WhiteElo "1764"]
[BlackElo "1556"]
[PlyCount "124"]
[EventDate "2012.09.23"]
[EventType "swiss"]
[EventRounds "9"]
[EventCountry "ESP"]
[Source "lmi"]
[SourceDate "2012.09.23"]

1. e4 c5 2. Nf3 e6 3. Nc3 a6 4. a4 Nc6 5. Bc4 Qc7 6. d3 Nf6 7. O-O h6 8. Re1
Ne5 9. Nxe5 Qxe5 10. f4 Qh5 11. e5 Qxd1 12. Rxd1 Nh7 13. Ne4 b6 14. Be3 f5 15.
Nc3 g5 16. g3 gxf4 17. gxf4 Rg8+ 18. Kf2 Be7 19. Rg1 Kf7 20. Rxg8 Kxg8 21. d4
cxd4 22. Bxd4 Bc5 23. Bxc5 bxc5 24. Rd1 Rb8 25. b3 Nf8 26. a5 Ng6 27. Ke3 Ne7
28. Na4 Nc6 29. Nxc5 Nxa5 30. Bxa6 Bxa6 31. Nxa6 Rc8 32. b4 Nc4+ 33. Kd4 Nb2
34. Rg1+ Kf7 35. Nc5 Ra8 36. Nxd7 Rd8 37. Kc3 Rxd7 38. Kxb2 Rd4 39. Rf1 Rxb4+
40. Kc3 Re4 41. Kd3 Ra4 42. c4 Ra2 43. c5 Rxh2 44. c6 Ke7 45. Rb1 Kd8 46. Rb7
Rh3+ 47. Ke2 Rc3 48. Rd7+ Ke8 49. Rd6 Ke7 50. Kd2 Rc5 51. Ke3 h5 52. Kf3 h4 53.
Kg2 Rc3 54. Rd7+ Ke8 55. Rd6 Ke7 56. Rd7+ Ke8 57. Rh7 Rxc6 58. Rxh4 Rc2+ 59.
Kf3 Rc3+ 60. Ke2 Rg3 61. Rh7 Ra3 62. Rc7 Rh3 1/2-1/2

[Event "19. Torneo San Viator"]
[Site "Madrid ESP"]
[Date "2012.10.14"]
[Round "4.24"]
[White "Castro Uceda, Jose Antonio"]
[Black "Cortijo Manso, Luis"]
[Result "1-0"]
[WhiteElo "1657"]
[BlackElo "1534"]
[PlyCount "85"]
[EventDate "2012.09.23"]
[EventType "swiss"]
[EventRounds "9"]
[EventCountry "ESP"]
[Source "lmi"]
[SourceDate "2012.09.23"]

1. d4 d5 2. c4 c6 3. e3 Nf6 4. Nc3 Bf5 5. Bd3 Bxd3 6. Qxd3 e6 7. Nf3 Be7 8. O-O
O-O 9. Re1 Nbd7 10. e4 dxe4 11. Nxe4 Nxe4 12. Qxe4 Nf6 13. Qe2 Re8 14. a3 Qc7
15. Bg5 h6 16. Bh4 Nh5 17. Bxe7 Rxe7 18. d5 cxd5 19. cxd5 Nf4 20. Qd2 Nxd5 21.
Rac1 Qd8 22. Qd4 Qb6 23. Rcd1 Qxd4 24. Rxd4 Rc8 25. Rxd5 Rec7 26. Rdd1 Rc2 27.
Rb1 b5 28. h3 a5 29. Re5 b4 30. Rxa5 bxa3 31. bxa3 Ra2 32. Ra7 Rcc2 33. Rf1 Rc4
34. Ne5 Rf4 35. g3 Rf5 36. Nc4 h5 37. a4 g5 38. a5 h4 39. g4 Rf4 40. Ne5 Ra3
41. Kg2 Ra2 42. Nc6 f5 43. Ne7+ 1-0

[Event "19. Torneo San Viator"]
[Site "Madrid ESP"]
[Date "2012.10.14"]
[Round "4.25"]
[White "Moreno Sanchez, Guillermo"]
[Black "Herreros Ruiz, Jorge Alejandro"]
[Result "1-0"]
[WhiteElo "1635"]
[BlackElo "1478"]
[PlyCount "111"]
[EventDate "2012.09.23"]
[EventType "swiss"]
[EventRounds "9"]
[EventCountry "ESP"]
[Source "lmi"]
[SourceDate "2012.09.23"]

1. d4 Nf6 2. c4 g6 3. Nc3 Bg7 4. Nf3 d6 5. e4 Bg4 6. Be2 Bxf3 7. Bxf3 e5 8.
dxe5 dxe5 9. Qxd8+ Kxd8 10. Bg5 c6 11. O-O-O+ Ke7 12. Bg4 h6 13. Bxf6+ Bxf6 14.
Na4 b6 15. Rd3 Rd8 16. Rxd8 Kxd8 17. Rd1+ Ke7 18. Bc8 a6 19. Nxb6 Ra7 20. Bg4
Rc7 21. c5 h5 22. Be2 a5 23. Rd3 Nd7 24. Nxd7 Rxd7 25. Kc2 Ke6 26. Kc3 Be7 27.
Kc4 Rb7 28. Rb3 Rxb3 29. axb3 Kd7 30. b4 Bd8 31. Bd1 axb4 32. Kxb4 Kc8 33. Bb3
f6 34. Bf7 g5 35. Bxh5 Kb7 36. Kc4 Ka6 37. Be8 Kb7 38. b4 Kc7 39. b5 cxb5+ 40.
Kxb5 Kb7 41. c6+ Kc7 42. Bd7 Be7 43. f3 Kb8 44. Kc4 Kc7 45. Kd5 Kb6 46. Ke6 Bd8
47. Kd6 Bc7+ 48. Ke7 Kc5 49. Kxf6 Bd8+ 50. Kxe5 Bc7+ 51. Kf5 Bd8 52. h3 Kd6 53.
e5+ Kd5 54. e6 Kd6 55. Kg6 Ke7 56. Kxg5 1-0

[Event "19. Torneo San Viator"]
[Site "Madrid ESP"]
[Date "2012.10.14"]
[Round "4.26"]
[White "Rendo Quiros, Pedro"]
[Black "Gonzalez Reyes, Felix"]
[Result "0-1"]
[WhiteElo "1630"]
[BlackElo "1728"]
[PlyCount "118"]
[EventDate "2012.09.23"]
[EventType "swiss"]
[EventRounds "9"]
[EventCountry "ESP"]
[Source "lmi"]
[SourceDate "2012.09.23"]

1. e4 d5 2. exd5 Qxd5 3. Nc3 Qd8 4. d4 Nf6 5. Nf3 Bg4 6. Bc4 e6 7. O-O Bb4 8.
Bg5 Be7 9. Bxf6 Bxf6 10. d5 O-O 11. dxe6 Bxe6 12. Bxe6 fxe6 13. Qe2 Qe7 14.
Rad1 Bxc3 15. bxc3 Nd7 16. Rfe1 Rfe8 17. Ne5 Rad8 18. Nxd7 Rxd7 19. Rxd7 Qxd7
20. Rd1 Qc6 21. Qd3 Qd5 22. Kf1 Rd8 23. Qxd5 exd5 24. Re1 Kf7 25. Re3 Rd6 26.
Ke2 Ra6 27. Re5 c6 28. g4 g6 29. f4 Rxa2 30. Kd3 Ra4 31. Ke3 Rc4 32. h4 Rxc3+
33. Kd4 Rc4+ 34. Ke3 a5 35. h5 a4 36. hxg6+ hxg6 37. g5 a3 38. Kd3 a2 39. Re1
Rxf4 40. Ra1 Ra4 41. Kc3 Ke6 42. Kb3 Ra8 43. Kb2 Kf5 44. Rf1+ Kxg5 45. Ka1 b5
46. Rf7 Kh4 47. Rf6 g5 48. Rh6+ Kg3 49. Rxc6 b4 50. Rb6 Ra4 51. Rb5 d4 52. Rd5
Kf3 53. Rxd4 g4 54. Rd8 g3 55. Rf8+ Kg2 56. Rg8 Kh2 57. Rh8+ Kg1 58. Rg8 Ra3
59. Rf8 g2 0-1